[Event "27e Open International Avoine"]
[Site "Espace culturel d'Avoine-3742"]
[Date "2012.07.23"]
[Round "3.50"]
[White "Gallant, Aurelien"]
[Black "Vekemans, Sylvain"]
[Result "1/2-1/2"]
[WhiteElo "2054"]
[BlackElo "1779"]
[PlyCount "78"]
[EventDate "2012.??.??"]

1. e4 c5 2. Nf3 d6 3. d4 cxd4 4. Nxd4 a6 5. c4 Nf6 6. Nc3 g6 7. Be2 Bg7 8. O-O
O-O 9. Be3 Nc6 10. f3 Bd7 11. Qd2 Qc7 12. Rac1 Rac8 13. Nd5 Qd8 14. b4 Nxd5 15.
exd5 Nxd4 16. Bxd4 Bxd4+ 17. Qxd4 Qc7 18. Bd3 e6 19. dxe6 Bxe6 20. a3 Rfd8 21.
f4 b5 22. f5 Bxc4 23. fxg6 fxg6 24. Rf6 Qg7 25. Bxc4+ Rxc4 26. Qd5+ Kh8 27.
Rcf1 Qe7 28. Kh1 Rc1 29. Qd4 Rxf1+ 30. Rxf1+ Qe5 31. Qb6 Re8 32. Qxa6 Qe2 33.
Rg1 d5 34. Qc6 Re5 35. h3 Rf5 36. Qc5 Qd3 37. Kh2 d4 38. Qe7 Qd2 39. Qd8+ Kg7
1/2-1/2

[Event "27e Open International Avoine"]
[Site "Espace culturel d'Avoine-37420"]
[Date "2012.07.24"]
[Round "4.1"]
[White "Lagarde, Maxime"]
[Black "Kostiuk, Tatiana"]
[Result "1/2-1/2"]
[WhiteElo "2505"]
[BlackElo "2327"]
[PlyCount "109"]
[EventDate "2012.??.??"]

1. c4 e5 2. Nc3 Nf6 3. Nf3 Nc6 4. e3 Be7 5. a3 a5 6. d3 d5 7. cxd5 Nxd5 8. Be2
O-O 9. O-O Be6 10. Qc2 f5 11. Bd2 Nb6 12. b3 Qd7 13. Bc1 Bf6 14. Bb2 Qf7 15.
Nd2 Rfd8 16. Nc4 Nd7 17. Nb5 Rac8 18. Rab1 b6 19. d4 exd4 20. exd4 Nf8 21. Ne5
Nxe5 22. dxe5 Bg5 23. Nd4 c5 24. Nxe6 Nxe6 25. Bc4 Kh8 26. Rbd1 Be7 27. Rxd8+
Rxd8 28. Rd1 Qg6 29. Rxd8+ Bxd8 30. Qd3 Nd4 31. Bxd4 cxd4 32. Qxd4 Qe8 33. f4
Qe7 34. h3 Qf8 35. Kh2 g6 36. g4 fxg4 37. hxg4 Be7 38. Kg3 Bc5 39. Qa1 Kg7 40.
g5 h6 41. gxh6+ Kxh6 42. a4 Qa8 43. e6 Kh7 44. Qe5 Qh8 45. Qe4 Qf6 46. Bd3 Kg7
47. Kf3 Kf8 48. Qc6 Kg7 49. Qd7+ Qe7 50. Ke4 Kf6 51. Kd5 Bb4 52. Qxe7+ Bxe7 53.
Kc6 Kxe6 54. Kxb6 Bb4 55. Bxg6 1/2-1/2

[Event "27e Open International Avoine"]
[Site "Espace culturel d'Avoine-37420"]
[Date "2012.07.24"]
[Round "4.2"]
[White "Mevel, Alberic"]
[Black "Lazarev, Vladimir"]
[Result "0-1"]
[WhiteElo "2188"]
[BlackElo "2442"]
[PlyCount "82"]
[EventDate "2012.??.??"]

1. e4 c5 2. Nf3 Nc6 3. d4 cxd4 4. Nxd4 Qc7 5. Nc3 e6 6. f4 a6 7. Nxc6 bxc6 8.
Bd3 d5 9. O-O Nf6 10. e5 Nd7 11. Na4 Be7 12. c4 Bb7 13. b3 dxc4 14. Bxc4 c5 15.
Be3 Bc6 16. Qe2 O-O 17. Bxa6 Bxa4 18. bxa4 Nb6 19. Bb5 Nxa4 20. Bxa4 Rxa4 21.
Rfc1 c4 22. Rc2 Rc8 23. Bd4 h6 24. g3 Rd8 25. Bf2 Qc6 26. Rac1 Rc8 27. Be3 Ba3
28. Rd1 c3 29. Qd3 Bb2 30. Qd7 Qxd7 31. Rxd7 Rxa2 32. Kf2 Ra1 33. Ke2 Rh1 34.
Kf3 h5 35. h4 g6 36. Rb7 Rd8 37. Rbxb2 cxb2 38. Rxb2 Rd3 39. Rb8+ Kh7 40. Ke2
Ra3 41. Rd8 Ra2+ 0-1

[Event "27e Open International Avoine"]
[Site "Espace culturel d'Avoine-37420"]
[Date "2012.07.24"]
[Round "4.3"]
[White "Shirazi, Kamran"]
[Black "Bon, Michael"]
[Result "1/2-1/2"]
[WhiteElo "2417"]
[BlackElo "2304"]
[PlyCount "207"]
[EventDate "2012.??.??"]

1. d4 d5 2. Bg5 Nc6 3. c4 f6 4. Bh4 e5 5. dxe5 d4 6. exf6 Nxf6 7. Nf3 Be6 8.
Nbd2 Qd7 9. a3 a5 10. Qa4 Ra6 11. O-O-O Be7 12. Bxf6 Bxf6 13. Ne4 Qe7 14. Nxf6+
Qxf6 15. Rxd4 O-O 16. Rd2 Ne5 17. Nxe5 Qxe5 18. e3 Rc6 19. Bd3 b5 20. Qxa5 Bxc4
21. Bxc4+ Rxc4+ 22. Kb1 Qe4+ 23. Ka2 b4 24. f3 Qc6 25. Rhd1 bxa3 26. Qd5+ Qxd5
27. Rxd5 axb2 28. Rd8 Rc2 29. R1d2 Rxd8 30. Rxc2 Rd7 31. Kxb2 Re7 32. Rc3 Kf7
33. Kc2 Ke6 34. Kd3 Kd6 35. Kd4 c6 36. e4 Ra7 37. h4 Ra2 38. g4 g6 39. h5 Ra4+
40. Rc4 c5+ 41. Kd3 Ra1 42. hxg6 hxg6 43. Ke3 g5 44. Rc3 Rb1 45. Rd3+ Kc6 46.
Rd5 Rb3+ 47. Ke2 Rb2+ 48. Kd3 Rb3+ 49. Kc4 Rxf3 50. Rxg5 Kd6 51. Rd5+ Ke6 52.
Kxc5 Rf4 53. Kd4 Rxg4 54. Ra5 Ke7 55. Ra7+ Ke6 56. Ra6+ Ke7 57. Kd5 Rg1 58. Rh6
Ra1 59. Ke5 Ra5+ 60. Kf4 Rb5 61. Ra6 Rc5 62. Ra7+ Ke6 63. Ra8 Ke7 64. Rh8 Ra5
65. Rh2 Ke6 66. Rd2 Rb5 67. Ra2 Rc5 68. Ke3 Ke5 69. Ra3 Rb5 70. Kd3 Rc5 71. Ra8
Rc6 72. Rh8 Rc7 73. Rh5+ Ke6 74. Rh6+ Ke5 75. Ra6 Rb7 76. Ra5+ Ke6 77. Kd4 Rb4+
78. Ke3 Rb7 79. Rh5 Ra7 80. Rf5 Ra1 81. Rf2 Ra7 82. Rb2 Rc7 83. Rb8 Ra7 84.
Re8+ Re7 85. Rb8 Ra7 86. Re8+ Re7 87. Rf8 Rf7 88. Rg8 Ra7 89. Kf4 Rf7+ 90. Kg5
Re7 91. Kg4 Ke5 92. Kf3 Ke6 93. Rg6+ Ke5 94. Rb6 Ra7 95. Rb5+ Ke6 96. Ke3 Rc7
97. Rf5 Rc1 98. Rf2 Ke5 99. Rf5+ Ke6 100. Rd5 Re1+ 101. Kd4 Rd1+ 102. Kc5 Rc1+
103. Kd4 Rd1+ 104. Kc5 1/2-1/2

[Event "27e Open International Avoine"]
[Site "Espace culturel d'Avoine-37420"]
[Date "2012.07.24"]
[Round "4.4"]
[White "David, Vincent"]
[Black "Haub, Thorsten Michael"]
[Result "1/2-1/2"]
[WhiteElo "2392"]
[BlackElo "2466"]
[PlyCount "41"]
[EventDate "2012.??.??"]

1. d4 g6 2. g3 Bg7 3. Bg2 f5 4. Nf3 Nf6 5. O-O O-O 6. b3 b5 7. Ne5 Ne4 8. Bb2
Bb7 9. Nd2 Qc8 10. c4 d6 11. Nd3 bxc4 12. Nxc4 Nd7 13. Rc1 a5 14. f3 Nef6 15.
Qd2 a4 16. b4 Qb8 17. a3 Bd5 18. Nf4 Bh6 19. e3 Bxf4 20. gxf4 Nb6 21. Nxb6
1/2-1/2

[Event "27e Open International Avoine"]
[Site "Espace culturel d'Avoine-37420"]
[Date "2012.07.24"]
[Round "4.6"]
[White "Barbot, Pierre"]
[Black "Song, Julien"]
[Result "1/2-1/2"]
[WhiteElo "2271"]
[BlackElo "2398"]
[PlyCount "53"]
[EventDate "2012.??.??"]

1. e4 e6 2. d4 d5 3. Nc3 Nf6 4. Bg5 dxe4 5. Nxe4 Be7 6. Bxf6 gxf6 7. Nf3 f5 8.
Nc3 a6 9. Qe2 b5 10. O-O-O b4 11. Na4 Qd5 12. c4 Qa5 13. Qe5 Qxe5 14. Nxe5 Bb7
15. d5 Nd7 16. Nxd7 Kxd7 17. Bd3 Ke8 18. Rhe1 Rd8 19. g3 Bc8 20. Re2 Kf8 21.
Rde1 Bd7 22. Bc2 Kg7 23. b3 Kf6 24. Nb2 Bc5 25. Nd3 Bd4 26. Rd1 Bc3 27. Nc5
1/2-1/2

[Event "27e Open International Avoine"]
[Site "Espace culturel d'Avoine-37420"]
[Date "2012.07.24"]
[Round "4.9"]
[White "Ribeiro, Romain"]
[Black "Payen, Arnaud"]
[Result "0-1"]
[WhiteElo "2204"]
[BlackElo "2351"]
[PlyCount "128"]
[EventDate "2012.??.??"]

1. e4 e5 2. Nf3 Nc6 3. Bc4 Nf6 4. d3 Be7 5. O-O O-O 6. Re1 d6 7. Nc3 Na5 8. h3
c6 9. a3 Nxc4 10. dxc4 Be6 11. b3 Nd7 12. Ne2 f6 13. Ng3 g6 14. Qe2 Qc7 15. Bb2
b5 16. cxb5 cxb5 17. Rac1 a6 18. Red1 Nb6 19. Nf1 d5 20. exd5 Nxd5 21. Ne3 Nf4
22. Qf1 Qb7 23. Nd2 Rad8 24. b4 Rd7 25. Nb3 Rfd8 26. Na5 Qe4 27. Rxd7 Rxd7 28.
Rd1 Rc7 29. Rd2 Rc8 30. Qe1 Rd8 31. Rxd8+ Bxd8 32. Nb3 Bxb3 33. cxb3 Bb6 34.
Qd2 Bxe3 35. fxe3 Qd3 36. Bc3 Qxd2 37. Bxd2 Ne6 38. Kf2 Ng5 39. Bc1 Kf7 40. Ke2
Ke6 41. Kd3 Kd5 42. Bb2 h5 43. Bc3 Ne4 44. Be1 f5 45. Ke2 g5 46. h4 g4 47. g3
Nd6 48. Kd3 f4 49. exf4 exf4 50. gxf4 Nf5 51. Bf2 g3 52. Bb6 Nxh4 53. Ke3 Nf5+
54. Kf3 h4 55. Kg2 Ke4 56. Bc7 Ne3+ 57. Kh3 Kf3 58. f5 Nxf5 59. a4 Kf2 60. axb5
axb5 61. Kg4 Kg2 62. Kxf5 h3 63. Kg4 h2 64. Bxg3 h1=Q 0-1

[Event "27e Open International Avoine"]
[Site "Espace culturel d'Avoine-37420"]
[Date "2012.07.24"]
[Round "4.10"]
[White "Nabavi, Parwis"]
[Black "Dieu, Bruno"]
[Result "1-0"]
[WhiteElo "2164"]
[BlackElo "2279"]
[PlyCount "121"]
[EventDate "2012.??.??"]

1. d4 e6 2. c4 b6 3. Nf3 Bb7 4. g3 f5 5. Bg2 Nf6 6. O-O Be7 7. Nc3 O-O 8. Qc2
a5 9. Bf4 Na6 10. Rad1 Qe8 11. Bg5 Qh5 12. Bxf6 Rxf6 13. d5 Rh6 14. h3 Nc5 15.
Nd4 Rf8 16. f4 g5 17. e3 g4 18. h4 Bxh4 19. gxh4 Qxh4 20. Rf2 Rff6 21. Kf1 Qg3
22. Ke2 Rh2 23. Rg1 Rfh6 24. Qd2 R6h3 25. Ndb5 e5 26. fxe5 Qxe5 27. Bxh3 Rxf2+
28. Kxf2 h5 29. Nd4 Kf7 30. Bg2 h4 31. Qc2 Kf6 32. Qxf5+ Qxf5+ 33. Nxf5 Kxf5
34. Ke2 h3 35. Bxh3 gxh3 36. Rg3 a4 37. Rxh3 Ba6 38. Rh4 Ke5 39. Kd2 c6 40.
dxc6 dxc6 41. Kc2 Bc8 42. Ne2 Bf5+ 43. Kc3 Ne4+ 44. Kb4 Nc5 45. Rh5 Ne4 46.
Kxa4 Nf6 47. Rg5 Ne4 48. Rxf5+ Kxf5 49. Nd4+ Ke5 50. Nxc6+ Kd6 51. Kb5 Kc7 52.
Nd4 Kb7 53. Ne6 Nd6+ 54. Kb4 Nf5 55. e4 Nd6 56. Ng5 Kc6 57. e5 Nf5 58. Nf3 Ng7
59. Nd4+ Kb7 60. a4 Ne8 61. a5 1-0

[Event "27e Open International Avoine"]
[Site "Espace culturel d'Avoine-37420"]
[Date "2012.07.24"]
[Round "4.12"]
[White "Lebret, Jean-Michel"]
[Black "Tirard, Hugo"]
[Result "0-1"]
[WhiteElo "2101"]
[BlackElo "2452"]
[PlyCount "52"]
[EventDate "2012.??.??"]

1. e4 c5 2. Nc3 Nc6 3. g3 g6 4. Bg2 Bg7 5. d3 d6 6. Nd5 e6 7. Ne3 Nge7 8. f4 d5
9. a4 b6 10. exd5 exd5 11. Nf3 O-O 12. O-O Qd7 13. h3 Bb7 14. Rb1 Rae8 15. Kh2
h5 16. Nh4 Bf6 17. Nf3 Qc7 18. h4 d4 19. Nc4 Nf5 20. Nfe5 Bxe5 21. fxe5 Nxe5
22. Rxf5 Ng4+ 23. Kh3 gxf5 24. Qf1 Bxg2+ 25. Kxg2 Qc6+ 26. Kh3 Re6 0-1

[Event "27e Open International Avoine"]
[Site "Espace culturel d'Avoine-37420"]
[Date "2012.07.24"]
[Round "4.14"]
[White "Roger, Mehdi"]
[Black "Anton, Teodor"]
[Result "1/2-1/2"]
[WhiteElo "2097"]
[BlackElo "2423"]
[PlyCount "82"]
[EventDate "2012.??.??"]

1. e4 c5 2. Nf3 d6 3. d4 cxd4 4. Nxd4 Nf6 5. Nc3 a6 6. Bg5 e6 7. f4 Nbd7 8. Qf3
Qc7 9. O-O-O Be7 10. g4 b5 11. Bxf6 Nxf6 12. g5 Nd7 13. f5 Bxg5+ 14. Kb1 Ne5
15. Qh5 Qd8 16. Nxe6 Bxe6 17. fxe6 O-O 18. Rg1 Bf6 19. Bh3 g6 20. exf7+ Kh8 21.
Rxg6 Nxg6 22. Bf5 Rxf7 23. Bxg6 Rg7 24. Bf5 Bxc3 25. bxc3 Qf6 26. Qf3 Rd8 27.
Qd3 Rc7 28. Qd4 Qxd4 29. cxd4 Rg8 30. Rd2 Rc4 31. Be6 Rb4+ 32. Bb3 Rg4 33. c3
Rxb3+ 34. axb3 Rxe4 35. Rg2 b4 36. Kc2 Rh4 37. cxb4 Rxd4 38. Kc3 Rh4 39. Ra2
Rh3+ 40. Kc4 Rh4+ 41. Kc3 Rh5 1/2-1/2

[Event "27e Open International Avoine"]
[Site "Espace culturel d'Avoine-37420"]
[Date "2012.07.24"]
[Round "4.15"]
[White "Deslias, Gregoire"]
[Black "Colin, Vincent"]
[Result "0-1"]
[WhiteElo "2075"]
[BlackElo "2391"]
[PlyCount "84"]
[EventDate "2012.??.??"]

1. d4 g6 2. c4 Bg7 3. Nf3 d6 4. g3 Nf6 5. Nc3 O-O 6. Bg2 c6 7. O-O Qa5 8. a3
Qh5 9. h4 a5 10. e4 Bg4 11. Qd3 e5 12. d5 cxd5 13. cxd5 Na6 14. Nh2 Nc5 15. Qc2
h6 16. Be3 Rac8 17. f3 Bd7 18. Bf2 g5 19. g4 Qg6 20. h5 Nxh5 21. gxh5 Qxh5 22.
Rac1 a4 23. Bxc5 Rxc5 24. Qd1 Rfc8 25. Qd2 Bf6 26. Ne2 Bd8 27. Rxc5 Bb6 28. Kh1
Bxc5 29. Rc1 Kg7 30. Qe1 Qg6 31. Qf1 h5 32. Bh3 g4 33. fxg4 hxg4 34. Bg2 g3 35.
Bh3 Rh8 36. Rxc5 Bxh3 37. Qf3 gxh2 38. Rc1 Bg4 39. Qe3 Qh5 40. Qg3 Qh3 41. Qxh3
Rxh3 42. Kg2 h1=Q+ 0-1

[Event "27e Open International Avoine"]
[Site "Espace culturel d'Avoine-37420"]
[Date "2012.07.24"]
[Round "4.16"]
[White "Marholev, Dimitar"]
[Black "Bodicker, Rob"]
[Result "1-0"]
[WhiteElo "2356"]
[BlackElo "2070"]
[PlyCount "77"]
[EventDate "2012.??.??"]

1. e4 e6 2. d4 d5 3. Nd2 c5 4. exd5 Qxd5 5. Ngf3 cxd4 6. Bc4 Qd6 7. Qe2 Nf6 8.
Nb3 Nc6 9. Bg5 Be7 10. O-O-O Qc7 11. Nbxd4 Nxd4 12. Nxd4 O-O 13. Rhe1 Qa5 14.
f4 Re8 15. Kb1 a6 16. c3 Qc7 17. f5 e5 18. Qxe5 Bd6 19. Qxe8+ Nxe8 20. Rxe8+
Bf8 21. Bd3 f6 22. Bc2 Kf7 23. Rde1 Bxf5 24. Rxa8 Bxc2+ 25. Kxc2 Qxh2 26. Re2
Qh5 27. Be3 Bc5 28. Kd2 Bxd4 29. Bxd4 Qd5 30. b3 Qa5 31. Kc1 Qf5 32. Rae8 b5
33. Kb2 a5 34. a4 bxa4 35. bxa4 Qd5 36. R8e7+ Kg6 37. Rc7 Qg5 38. Rc5 Qg4 39.
Rc2 1-0

[Event "27e Open International Avoine"]
[Site "Espace culturel d'Avoine-37420"]
[Date "2012.07.24"]
[Round "4.18"]
[White "Godart, Francois"]
[Black "Le Montagner, Yoann"]
[Result "1-0"]
[WhiteElo "2317"]
[BlackElo "2040"]
[PlyCount "51"]
[EventDate "2012.??.??"]

1. d4 d5 2. c4 e6 3. Nc3 Nf6 4. Nf3 Be7 5. Bg5 O-O 6. e3 h6 7. Bh4 Ne4 8. Bxe7
Qxe7 9. cxd5 Nxc3 10. bxc3 exd5 11. Bd3 b6 12. O-O Bb7 13. Qa4 c5 14. Ne5 Qc7
15. Rae1 Nc6 16. f4 Nxe5 17. fxe5 Qe7 18. Bb1 Bc8 19. Qc2 f5 20. exf6 gxf6 21.
Rf3 Kh8 22. Qg6 Qg7 23. Rg3 Rg8 24. Qh5 Qf8 25. Rxg8+ Kxg8 26. Qxd5+ 1-0

[Event "27e Open International Avoine"]
[Site "Espace culturel d'Avoine-37420"]
[Date "2012.07.24"]
[Round "4.19"]
[White "Safranska, Anda"]
[Black "Le Franc, Yves"]
[Result "1-0"]
[WhiteElo "2298"]
[BlackElo "1986"]
[PlyCount "75"]
[EventDate "2012.??.??"]

1. e4 c5 2. d3 g6 3. g3 Bg7 4. Bg2 d6 5. c3 Nc6 6. Nf3 e6 7. Bg5 Nge7 8. O-O h6
9. Be3 O-O 10. Na3 b6 11. Qd2 Kh7 12. d4 Ba6 13. Rfd1 c4 14. h4 d5 15. e5 Nf5
16. Bf4 b5 17. Nc2 Rb8 18. Kh2 Rh8 19. Rh1 h5 20. Ng5+ Kg8 21. b4 Bc8 22. a4 a6
23. Ra2 Qb6 24. axb5 axb5 25. Rha1 Bb7 26. Ne3 Nxe3 27. Qxe3 Ne7 28. Bh3 Nf5
29. Qd2 Bf8 30. Nf3 Be7 31. Bg5 Kf8 32. Ra7 Ke8 33. Bxf5 exf5 34. Bxe7 Kxe7 35.
Qg5+ Kf8 36. Qf6 Qxf6 37. exf6 g5 38. Rxb7 1-0

[Event "27e Open International Avoine"]
[Site "Espace culturel d'Avoine-37420"]
[Date "2012.07.24"]
[Round "4.23"]
[White "Sobry, Sebastien"]
[Black "Mostertman, Milan"]
[Result "1-0"]
[WhiteElo "2039"]
[BlackElo "2248"]
[PlyCount "161"]
[EventDate "2012.??.??"]

1. e4 c5 2. Nf3 Nc6 3. d4 cxd4 4. Nxd4 g6 5. Nc3 Bg7 6. Be3 Nf6 7. Bc4 d6 8. f3
O-O 9. Qd2 Bd7 10. O-O-O Rc8 11. Bb3 Nxd4 12. Bxd4 b5 13. Bxa7 b4 14. Nd5 Nxd5
15. exd5 Qa5 16. Bd4 Ba4 17. Qe3 Bxb3 18. Qxb3 Rc7 19. Bxg7 Kxg7 20. Rhe1 Rfc8
21. Re2 Qc5 22. Qd3 Qa5 23. Qb3 Qc5 24. Qd3 Kg8 25. Rde1 Kf8 26. Rd2 Qa5 27.
Qb3 Ra8 28. Re3 Qc5 29. Rde2 Rca7 30. c3 Rc7 31. Kb1 Rac8 32. Re1 Kg8 33. Qxb4
Qxd5 34. Qe4 Qb5 35. Qd3 Qb7 36. Qc2 d5 37. Qb3 Qxb3 38. axb3 e6 39. Rd3 Rb8
40. Kc2 Ra7 41. c4 Rc7 42. Rc3 Rc5 43. Rd1 Kg7 44. cxd5 Rxd5 45. Rxd5 exd5 46.
Rc5 Rd8 47. Rc6 Kf8 48. Kd3 Ke7 49. Kd4 Rb8 50. Kxd5 Rxb3 51. Rc7+ Kd8 52. Rxf7
Rxb2 53. Rxh7 Rxg2 54. Ke6 Rg5 55. f4 Rf5 56. Rf7 Rh5 57. Rf8+ Kc7 58. Kf6 Rxh2
59. Kxg6 Kd7 60. Ra8 Ke7 61. Ra7+ Kf8 62. f5 Rf2 63. Kf6 Kg8 64. Ra8+ Kh7 65.
Rf8 Ra2 66. Re8 Ra6+ 67. Kf7 Ra5 68. f6 Ra6 69. Re3 Ra7+ 70. Re7 Ra6 71. Kf8+
Kg6 72. f7 Ra8+ 73. Re8 Ra7 74. Re6+ Kh7 75. Re3 Ra8+ 76. Ke7 Ra7+ 77. Kf6 Ra8
78. Re6 Ra5 79. f8=R Ra1 80. Re7+ Kh6 81. Rh8# 1-0

[Event "27e Open International Avoine"]
[Site "Espace culturel d'Avoine-37420"]
[Date "2012.07.24"]
[Round "4.24"]
[White "Le Borgne, Pierre"]
[Black "Lombart, Philippe"]
[Result "1-0"]
[WhiteElo "2233"]
[BlackElo "1938"]
[PlyCount "59"]
[EventDate "2012.??.??"]

1. e4 e5 2. Nf3 Nc6 3. Bb5 a6 4. Bxc6 dxc6 5. O-O Bg4 6. h3 h5 7. d3 Qf6 8. Be3
Bxf3 9. Qxf3 Qxf3 10. gxf3 Bd6 11. Nd2 f6 12. Rfb1 g5 13. b4 Ne7 14. Kf1 Ng6
15. Nc4 Kd7 16. c3 Rag8 17. a4 Nh4 18. Ke2 g4 19. fxg4 hxg4 20. hxg4 Rxg4 21.
b5 axb5 22. axb5 cxb5 23. Rxb5 b6 24. Bxb6 f5 25. Ra7 fxe4 26. Bxc7 exd3+ 27.
Kxd3 e4+ 28. Ke2 Kc6 29. Nxd6 Rh6 30. Rb6+ 1-0

[Event "27e Open International Avoine"]
[Site "Espace culturel d'Avoine-37420"]
[Date "2012.07.24"]
[Round "4.25"]
[White "De La Fontaine, Christophe"]
[Black "Bouget, Alexandre"]
[Result "1/2-1/2"]
[WhiteElo "2035"]
[BlackElo "2202"]
[PlyCount "79"]
[EventDate "2012.??.??"]

1. e4 e5 2. Nf3 Nc6 3. d4 exd4 4. Nxd4 Nf6 5. Nc3 Bb4 6. Nxc6 bxc6 7. Bd3 O-O
8. O-O d5 9. exd5 cxd5 10. Bg5 c6 11. Qf3 Bd6 12. h3 Rb8 13. Rab1 h6 14. Bd2
Bc7 15. Ne2 Re8 16. Bf4 Ne4 17. Nd4 Bd7 18. b4 Rb7 19. c4 Bxf4 20. Qxf4 Qb8 21.
Qxb8 Rexb8 22. Bxe4 dxe4 23. a3 a5 24. Nb3 axb4 25. Nc5 Ra7 26. axb4 Bf5 27.
Rb2 Bg6 28. Rd1 f5 29. Rd4 Bf7 30. Nd7 Re8 31. b5 cxb5 32. cxb5 Be6 33. Nc5 Rc7
34. Na6 Rc1+ 35. Kh2 Bc8 36. Nb4 f4 37. Re2 Bb7 38. Nc6 Bxc6 39. bxc6 Rxc6 40.
Rdxe4 1/2-1/2

[Event "27e Open International Avoine"]
[Site "Espace culturel d'Avoine-37420"]
[Date "2012.07.24"]
[Round "4.27"]
[White "Cau, Benjamin"]
[Black "Lavanchy, Marc-Henri"]
[Result "1/2-1/2"]
[WhiteElo "2158"]
[BlackElo "1930"]
[PlyCount "54"]
[EventDate "2012.??.??"]

1. e4 c5 2. Nf3 d6 3. d4 cxd4 4. Nxd4 Nf6 5. Nc3 g6 6. g3 Bg7 7. Bg2 O-O 8. O-O
a6 9. a4 Qc7 10. Bg5 Nc6 11. Bxf6 exf6 12. Nd5 Qd8 13. c3 Be6 14. Nc2 Ne7 15.
Nce3 Rc8 16. Qd2 Nxd5 17. Nxd5 Bxd5 18. Qxd5 Qb6 19. Rab1 Rc5 20. Qd3 Qc7 21.
Rfd1 Rd8 22. Bf1 Qc6 23. Ra1 Re5 24. Bg2 Qc7 25. c4 a5 26. b3 b6 27. Ra2 Ree8
1/2-1/2

[Event "27e Open International Avoine"]
[Site "Espace culturel d'Avoine-37420"]
[Date "2012.07.24"]
[Round "4.29"]
[White "Trouve, Guillaume"]
[Black "Wenzel, Johannes"]
[Result "1/2-1/2"]
[WhiteElo "1796"]
[BlackElo "2136"]
[PlyCount "57"]
[EventDate "2012.??.??"]

1. e4 e6 2. d4 d5 3. Nc3 Nc6 4. Nf3 Nf6 5. e5 Ne4 6. Bd3 Bb4 7. Bd2 Nxd2 8.
Qxd2 f6 9. a3 Bxc3 10. Qxc3 fxe5 11. dxe5 Bd7 12. O-O-O Qe7 13. h4 O-O-O 14. h5
Rdf8 15. Kb1 Be8 16. Rde1 Kb8 17. Qd2 Nd8 18. h6 c5 19. c3 Ba4 20. Ng5 g6 21.
f4 Nf7 22. Nf3 Rd8 23. Bc2 Bc6 24. Kc1 Rd7 25. Rh3 Nd8 26. Nh2 d4 27. c4 Nf7
28. Ng4 Rdd8 29. Nf6 1/2-1/2

[Event "27e Open International Avoine"]
[Site "Espace culturel d'Avoine-37420"]
[Date "2012.07.24"]
[Round "4.30"]
[White "Gomard, Jonathan"]
[Black "Aubry, Yannis"]
[Result "1/2-1/2"]
[WhiteElo "1775"]
[BlackElo "2104"]
[PlyCount "30"]
[EventDate "2012.??.??"]

1. e4 d6 2. d4 Nf6 3. f3 d5 4. e5 Ng8 5. Bd3 c5 6. c3 Nc6 7. Be3 Nh6 8. Ne2
cxd4 9. cxd4 Qb6 10. Nbc3 Bf5 11. Bxh6 Bxd3 12. Qxd3 gxh6 13. f4 e6 14. O-O
O-O-O 15. Kh1 Ne7 1/2-1/2

[Event "27e Open International Avoine"]
[Site "Espace culturel d'Avoine-37420"]
[Date "2012.07.24"]
[Round "4.31"]
[White "Duhayon, Yves"]
[Black "Muller, Etienne"]
[Result "1/2-1/2"]
[WhiteElo "2221"]
[BlackElo "1875"]
[PlyCount "40"]
[EventDate "2012.??.??"]

1. d4 c5 2. e3 Nf6 3. Nf3 e6 4. Be2 Be7 5. O-O O-O 6. dxc5 Bxc5 7. a3 d5 8. b4
Bd6 9. c4 dxc4 10. Bxc4 Qc7 11. Nbd2 e5 12. e4 Bg4 13. Bb2 Nc6 14. Rc1 Qe7 15.
Re1 Rad8 16. Qb3 Bb8 17. h3 Bh5 18. Bd5 Nd4 19. Nxd4 exd4 20. g4 Bf4 1/2-1/2

[Event "27e Open International Avoine"]
[Site "Espace culturel d'Avoine-37420"]
[Date "2012.07.24"]
[Round "4.32"]
[White "Mauffrey, Hugues"]
[Black "Guliyev, Namig"]
[Result "0-1"]
[WhiteElo "1906"]
[BlackElo "2539"]
[PlyCount "68"]
[EventDate "2012.??.??"]

1. e4 c5 2. Nf3 d6 3. d4 cxd4 4. Nxd4 Nf6 5. Nc3 a6 6. Be3 e6 7. g4 h6 8. Bg2
Bd7 9. h3 Nc6 10. Qe2 Rc8 11. f4 b5 12. a3 Be7 13. Nxc6 Bxc6 14. O-O-O Qc7 15.
h4 h5 16. f5 Nxg4 17. fxe6 fxe6 18. Bg5 Bxg5+ 19. hxg5 Qe7 20. Bh3 Qxg5+ 21.
Kb1 O-O 22. Rhg1 Rf4 23. Rxd6 Qe5 24. Qd2 g5 25. Qd4 Qxd4 26. Rxd4 Kf7 27. Bxg4
Rxg4 28. Rxg4 hxg4 29. e5 g3 30. Rg4 g2 31. Rxg5 Rh8 32. Ka2 Rh1 33. Ne2 Re1
34. Nd4 Bd5+ 0-1

[Event "27e Open International Avoine"]
[Site "Espace culturel d'Avoine-37420"]
[Date "2012.07.24"]
[Round "4.33"]
[White "Marie, Maxime"]
[Black "Froment, Theophile"]
[Result "1-0"]
[WhiteElo "2192"]
[BlackElo "1901"]
[PlyCount "89"]
[EventDate "2012.??.??"]

1. b3 Nf6 2. Bb2 d6 3. f4 c5 4. Nf3 Nbd7 5. g3 b5 6. a4 bxa4 7. Rxa4 Bb7 8. Bg2
g6 9. d3 Bg7 10. Nbd2 Bc6 11. Ra1 O-O 12. e4 Qc7 13. O-O a5 14. Nc4 Ne8 15.
Bxg7 Nxg7 16. Qd2 a4 17. bxa4 Rxa4 18. Rxa4 Bxa4 19. f5 Nf6 20. Bh3 gxf5 21.
Qh6 Bxc2 22. Ng5 Ra8 23. Bxf5 Nxf5 24. Rxf5 Rc8 25. Ne3 Qa7 26. Rxf6 exf6 27.
Nf5 Qa1+ 28. Kg2 fxg5 29. Ne7+ Kh8 30. Nxc8 Qg7 31. Qxd6 c4 32. Ne7 h6 33. Nf5
Qg6 34. Qd4+ Kh7 35. Qxc4 Bd1 36. Ne3 Qh5 37. Nxd1 Qxd1 38. Qxf7+ Kh8 39. Qf3
Qd2+ 40. Kh3 Kg7 41. e5 Qb2 42. e6 Qd4 43. Qf7+ Kh8 44. Qe8+ Kg7 45. Qd7+ 1-0

[Event "27e Open International Avoine"]
[Site "Espace culturel d'Avoine-37420"]
[Date "2012.07.24"]
[Round "4.34"]
[White "Algaba, Pedro"]
[Black "Gesing, Oliver"]
[Result "0-1"]
[WhiteElo "1902"]
[BlackElo "2165"]
[PlyCount "98"]
[EventDate "2012.??.??"]

1. e4 e6 2. d4 d5 3. exd5 exd5 4. Bd3 Bd6 5. Nf3 Ne7 6. Be3 Nbc6 7. c3 Bg4 8.
O-O Qd7 9. Nbd2 O-O 10. Qc2 Bf5 11. Rfe1 Rae8 12. Nf1 Bg6 13. Ng3 f5 14. Bg5 f4
15. Bxg6 Nxg6 16. Rxe8 Qxe8 17. Re1 Qf7 18. Nf1 h6 19. Bh4 Nh8 20. Qe2 g5 21.
Bxg5 hxg5 22. Nxg5 Qf5 23. Qe6+ Qxe6 24. Rxe6 Nd8 25. Re1 Nhf7 26. Nf3 Kg7 27.
h3 Nh6 28. N1h2 Kf6 29. Kf1 Ndf7 30. Re2 c6 31. Ke1 Rd8 32. Kf1 Rd7 33. Ke1 Re7
34. Rxe7 Bxe7 35. Ke2 Kf5 36. Nd2 Nd6 37. f3 b6 38. b3 Kg5 39. Kd3 Ndf5 40.
Nhf1 Nh4 41. g3 fxg3 42. Nxg3 N6f5 43. Ne2 Bd6 44. c4 Ng2 45. cxd5 cxd5 46. Kc3
Nf4 47. Nc1 Ba3 48. Nd3 Ne2+ 49. Kc2 Ne3+ 0-1

[Event "27e Open International Avoine"]
[Site "Espace culturel d'Avoine-37420"]
[Date "2012.07.24"]
[Round "4.35"]
[White "Potaux, Olivier"]
[Black "Ollier, Milan"]
[Result "1/2-1/2"]
[WhiteElo "1891"]
[BlackElo "2157"]
[PlyCount "83"]
[EventDate "2012.??.??"]

1. d4 Nf6 2. Nf3 g6 3. Bg5 Bg7 4. Nbd2 d5 5. e3 O-O 6. Bd3 c6 7. c3 Nbd7 8. O-O
a6 9. e4 Ne8 10. e5 Nc7 11. b4 b6 12. Re1 Ne6 13. Be3 f6 14. exf6 exf6 15. Nf1
Re8 16. h4 a5 17. a3 Qc7 18. h5 f5 19. hxg6 hxg6 20. Qd2 axb4 21. cxb4 Bb7 22.
g3 Ba6 23. Bxa6 Rxa6 24. Bf4 Qb7 25. Qd3 b5 26. Re3 Ndf8 27. Bd6 Qd7 28. Bxf8
Nxf8 29. Rxe8 Qxe8 30. Re1 Qa8 31. Ra1 Ra4 32. Qc3 Ne6 33. Ne5 Bxe5 34. dxe5
Ra6 35. f4 Kf7 36. Nd2 Ra4 37. Nf3 c5 38. Ng5+ Nxg5 39. fxg5 d4 40. Qxc5 Rxa3
41. Rxa3 Qxa3 42. Qc7+ 1/2-1/2